Calefacción y acondicionamiento de aire / (Record no. 23404)

MARC details
000 -LEADER
campo de control de longitud fija 00702nam a2200181 i 4500
001 - NÚMERO DE CONTROL
campo de control 23404
003 - IDENTIFICADOR DE NÚMERO DE CONTROL
campo de control ES-MaACL
005 - FECHA Y HORA DE LA ÚLTIMA TRANSACCIÓN
campo de control 20230906152851.0
007 - CAMPO FIJO DE DESCRIPCIÓN FÍSICA--INFORMACIÓN GENERAL
campo de control de longitud fija t|
008 - DATOS DE LONGITUD FIJA--INFORMACIÓN GENERAL
campo de control de longitud fija 021210s1956 sp ||||1| spa d
100 1# - ENTRADA PRINCIPAL--NOMBRE DE PERSONA
Nombre de persona Allen, John R.
9 (RLIN) 19993
245 10 - MENCIÓN DEL TÍTULO
Título Calefacción y acondicionamiento de aire /
Mención de responsabilidad, etc. por John R. Allen, James Herbet Walker, John William James ; traducción de la sexta edición norteamericana por José Batlle Gayan.
260 ## - PUBLICACIÓN, DISTRIBUCIÓN, ETC.
Lugar de publicación, distribución, etc. Barcelona, etc. :
Nombre del editor, distribuidor, etc. Labor,
Fecha de publicación, distribución, etc. 1956 (
Fabricante Tall. Gráfs. Iberoamericanos)
300 ## - DESCRIPCIÓN FÍSICA
Extensión 783 p., 3 gráf. pleg. :
Otras características físicas il. ;
Dimensiones 23 cm.
700 1# - ENTRADA AGREGADA--NOMBRE PERSONAL
Nombre de persona Walker, James Herbert.
9 (RLIN) 115930
700 1# - ENTRADA AGREGADA--NOMBRE PERSONAL
Nombre de persona Batlle Gayán, José.
9 (RLIN) 26445
852 ## - LOCALIZACIÓN
Ubicación ES-MaACL
Número de control de estantería C--11737
Sublocalización o colección R.39034
Holdings
Estatus retirado Estado de pérdida Fuente del sistema de clasificación o colocación Estado de daño No para préstamo Biblioteca de origen Biblioteca actual Ubicación en estantería Fecha de adquisición Fuente de adquisición Total de préstamos Signatura topográfica completa Código de barras Visto por última vez Precio de reemplazo Tipo de ítem Koha
    Clasificación Decimal Dewey     Biblioteca del Ateneo de Madrid Biblioteca del Ateneo de Madrid Depósito 17/01/2008     C-11737 1024112 23/02/2023 23/02/2023 Libro impreso